000 00740cam a2200205 a 4500
001 000012843
005 20200929163103.0
008 820728s1981 pr 000 0 spa
040 _aDO-SdBNP
_bspa
_cLC
_dBNPHU
082 _a329.97295
_bL213t
100 1 _aLamadrid Navarro, Antonio Gil de
_929705
245 1 0 _aTestimonio :
_blos indomitos /
_cAntonio Gil de Lamadrid Navarro.
260 _aRío Piedras, Puerto Rico :
_bEditorial Edil,
_c1981.
300 _a248 p. ;
_c22 cm.
651 4 _aPuerto Rico
_xPolítica Y Gobierno
_y1898-1952
_98024
650 4 _aRevolucionarios
_zPuerto Rico
_xBiografías
_929706
650 4 _aPrisioneros políticos
_zPuerto Rico
_xBiografías
_929707
910 _aCatalogación por copia / LC
049 _aBNGR
999 _c12491
_d12491